K souboru opatření ke zdokonalení soustavy plánovitého řízení národního hospodářství po roce 1980 materiály ze semináře ČÚV Socialistické akademie ČSSR, konaného dne 11. června 1980 v Praze
Enregistré dans:
| Format: | Livre |
|---|---|
| Langue: | tchèque |
| Publié: |
Praha
Horizont
1980
|
| Tags: |
Pas de tags, Soyez le premier à ajouter un tag!
|
MARC
| LEADER | 00000nam a2200000 4500 | ||
|---|---|---|---|
| 001 | c140319 | ||
| 005 | 20041019155318.5 | ||
| 041 | 0 | |a cze | |
| 044 | |a CZ | ||
| 245 | 1 | 0 | |a K souboru opatření ke zdokonalení soustavy plánovitého řízení národního hospodářství po roce 1980 |b materiály ze semináře ČÚV Socialistické akademie ČSSR, konaného dne 11. června 1980 v Praze |
| 264 | 1 | |a Praha |b Horizont |c 1980 | |
| 300 | |a 136 s. | ||